[Event "Sharjah op rapid"]
[Site "Sharjah"]
[Date "2016.06.12"]
[Round "2"]
[White "Danilo, Reyes G"]
[Black "El Taher, Fouad"]
[Result "0-1"]
[WhiteElo "1733"]
[BlackElo "2483"]
[PlyCount "80"]
[EventDate "2016.06.12"]
[EventType "swiss (rapid)"]
[EventRounds "9"]
[EventCountry "UAE"]
[SourceTitle "CBM 173 Extra"]
[Source "ChessBase"]
[SourceDate "2016.08.29"]
[SourceVersion "1"]
[SourceVersionDate "2016.08.29"]
[SourceQuality "1"]

1. e4 e5 2. Nf3 Nc6 3. Bc4 Nf6 4. d3 Be7 5. 0-0 0-0 6. c3 d6 7. h3 Na5 8. Bb5 a6 9. Ba4 b5 10. Bc2 c5 11. a4 Bd7 12. Be3 Qc7 13. Nbd2 d5 14. d4 cxd4 15. cxd4 exd4 16. Nxd4 Rfe8 17. axb5 axb5 18. Rc1 Qb7 19. e5 Ne4 20. e6 fxe6 21. Nxe4 dxe4 22. Qh5 Bf6 23. f3 Qd5 24. Qxd5 exd5 25. fxe4 Nc4 26. Bf2 dxe4 27. Bb3 e3 28. Bg3 e2 29. Rxf6 gxf6 30. Kf2 Be6 31. Nxe6 Rxe6 32. Re1 Rae8 33. Bf4 Kg7 34. g3 Nxb2 35. Bc2 Rc6 36. Bf5 Rc5 37. Bb1 Nd1+ 38. Kg2 b4 39. Bd3 b3 40. Bb1 b2 0-1

[Event "Al Ain Amateur op 4th"]
[Site "Al Ain"]
[Date "2015.12.29"]
[Round "8"]
[White "Mohammed, Ahmed Said Al Amri"]
[Black "Danilo, Reyes G"]
[Result "0-1"]
[WhiteElo "1456"]
[BlackElo "1710"]
[PlyCount "45"]
[EventDate "2015.12.23"]
[EventType "swiss"]
[EventRounds "9"]
[EventCountry "UAE"]
[SourceTitle "CBM 170 Extra"]
[Source "ChessBase"]
[SourceDate "2016.02.25"]
[SourceVersion "1"]
[SourceVersionDate "2016.02.25"]
[SourceQuality "1"]

1. e4 c5 2. Nf3 a6 3. d4 cxd4 4. Nxd4 Nf6 5. Nc3 e5 6. Nf5 d5 7. Bg5 Bxf5 8. Bxf6 gxf6 9. Qxd5 Be6 10. Qxb7 Nd7 11. Nd5 Bxd5 12. Qxd5 Be7 13. 0-0-0 Ra7 14. f4 0-0 15. f5 Qb6 16. Rd3 Nc5 17. Rg3+ Kh8 18. Rh3 Rb7 19. b3 Rd7 20. Qc4 Rd4 21. Qe2 Nxe4 22. Re3 Ba3+ 23. Kb1 0-1

[Event "Al Ain Amateur op 4th"]
[Site "Al Ain"]
[Date "2015.12.28"]
[Round "7"]
[White "Khezrian, Mohammad"]
[Black "Danilo, Reyes G"]
[Result "0-1"]
[WhiteElo "1452"]
[BlackElo "1710"]
[PlyCount "60"]
[EventDate "2015.12.23"]
[EventType "swiss"]
[EventRounds "9"]
[EventCountry "UAE"]
[SourceTitle "CBM 170 Extra"]
[Source "ChessBase"]
[SourceDate "2016.02.25"]
[SourceVersion "1"]
[SourceVersionDate "2016.02.25"]
[SourceQuality "1"]

1. e4 Nc6 2. Nc3 g6 3. d4 d6 4. Nf3 Bg7 5. d5 Ne5 6. Nxe5 Bxe5 7. f4 Bg7 8. Bb5+ Bd7 9. Bxd7+ Qxd7 10. 0-0 c5 11. Be3 b5 12. Rb1 b4 13. Ne2 Nf6 14. Ng3 h5 15. Qf3 Ng4 16. Bf2 Nxf2 17. Kxf2 Bd4+ 18. Ke1 Qa4 19. Qb3 Qxb3 20. axb3 Kd7 21. Ne2 Bg7 22. c3 Rhb8 23. c4 Rb6 24. Kd2 e6 25. f5 gxf5 26. dxe6+ fxe6 27. exf5 Bh6+ 28. Kd3 e5 29. Ng3 Rg8 30. f6 h4 0-1

[Event "Al Ain Amateur op 4th"]
[Site "Al Ain"]
[Date "2015.12.26"]
[Round "4"]
[White "Danilo, Reyes G"]
[Black "Alur, Varun"]
[Result "0-1"]
[WhiteElo "1710"]
[BlackElo "1380"]
[PlyCount "82"]
[EventDate "2015.12.23"]
[EventType "swiss"]
[EventRounds "9"]
[EventCountry "UAE"]
[SourceTitle "CBM 170 Extra"]
[Source "ChessBase"]
[SourceDate "2016.02.25"]
[SourceVersion "1"]
[SourceVersionDate "2016.02.25"]
[SourceQuality "1"]

1. e4 e5 2. Nc3 Nf6 3. d3 Nc6 4. Be3 Bb4 5. a3 Bxc3+ 6. bxc3 d5 7. f3 h6 8. Qd2 0-0 9. Ne2 dxe4 10. fxe4 Ng4 11. Bc5 Re8 12. g3 b6 13. Bg1 Ne7 14. h3 Nf6 15. Be3 Bb7 16. Bg2 c5 17. 0-0 Ng6 18. Rf2 Qd6 19. Raf1 Re6 20. g4 Rf8 21. g5 hxg5 22. Bxg5 Nh7 23. Be3 Nh4 24. Kh2 Nxg2 25. Rxg2 Rg6 26. Ng3 c4 27. Rfg1 Bc8 28. Nf5 Bxf5 29. exf5 Rxg2+ 30. Rxg2 Kh8 31. Rg4 cxd3 32. cxd3 e4+ 33. Bf4 Qxd3 34. Qxd3 exd3 35. Be5 f6 36. Bd6 Re8 37. Rg1 Ng5 38. Ra1 d2 39. Rd1 Re1 40. Rxd2 Nf3+ 41. Kg3 Nxd2 0-1

[Event "Al Ain Amateur op 4th"]
[Site "Al Ain"]
[Date "2015.12.25"]
[Round "3"]
[White "Zakaryan, Suren"]
[Black "Danilo, Reyes G"]
[Result "0-1"]
[WhiteElo "1467"]
[BlackElo "1710"]
[PlyCount "47"]
[EventDate "2015.12.23"]
[EventType "swiss"]
[EventRounds "9"]
[EventCountry "UAE"]
[SourceTitle "CBM 170 Extra"]
[Source "ChessBase"]
[SourceDate "2016.02.25"]
[SourceVersion "1"]
[SourceVersionDate "2016.02.25"]
[SourceQuality "1"]

1. d4 Nf6 2. c4 e5 3. dxe5 Ng4 4. Nf3 Bc5 5. e3 Nc6 6. a3 a5 7. Nbd2 Ngxe5 8. Nxe5 Nxe5 9. Nf3 Qe7 10. Bd2 Nxf3+ 11. Qxf3 Ra6 12. Bc3 0-0 13. Bd3 Rd6 14. Bc2 Re6 15. Qg3 f5 16. 0-0 Bd6 17. Qf3 Rh6 18. g3 Qg5 19. c5 Be7 20. Be5 Qg6 21. Bxc7 d5 22. Rad1 Be6 23. Bd6 Bxd6 24. cxd6 0-1